000 00606nam a22001337a 4500
020 _a978-0-439951-79-1
082 _a823
_bPUL/S
100 _aPULLMAN, PHILIP
245 _aTHE SUBTLE KNIFE
260 _aNEW YORK
_bSCHOLASTIC INC
_c2005
520 _aThe novel continues the adventures of Lyra Belacqua (now known as Lyra Silvertongue) recounted in the first novel, Northern Lights, as she investigates the mysterious phenomenon of Dust. Will Parry is introduced as a companion to Lyra, and together they explore new worlds in the search for Will's father.
650 _aNOVEL
_zUNITED STATES
942 _cBK
999 _c3720
_d3720